Populous Nations per 3rd Letter Quiz Stats

Quiz Updated Nov 17, 2016

Challenge
Share
Tweet
Embed
Score 0/24 Timer 05:00
2 Plays Today
Letter Nation % Correct
IChina
98.3%
DIndia
95.7%
ABrazil
90%
SRussia
89.7%
XMexico
86.2%
RGermany
81.8%
PJapan
81.4%
KPakistan
71.9%
YEgypt
67.4%
GNigeria
66.1%
USouth Africa
61.4%
NBangladesh
55.7%
Letter Nation % Correct
EVietnam
53.3%
VTuvalu
51.7%
LColombia
46.7%
WNew Zealand
44.1%
MDemocratic Republic of the Congo
44%
HEthiopia
43.9%
ZMozambique
37.4%
JTajikistan
36.7%
OLaos
27.1%
BUzbekistan
26.8%
CNicaragua
13.1%
TCote d'Ivoire
9.9%

You're not logged in!

Compare scores with friends on all Sporcle quizzes.
Sign Up with Email
OR
Log In

You Might Also Like...

Show Comments

Extras

Top Quizzes Today


Score Distribution

Your Account Isn't Verified!

In order to create a playlist on Sporcle, you need to verify the email address you used during registration. Go to your Sporcle Settings to finish the process.